000 00228nam a2200097Ia 4500
001 653390
005 20250826154456.0
008 250824s9999 xx 000 0 und d
245 0 _aOrmandan Gelen Ses
_cJack London
260 _bALTIN
999 _c653390
_d653390